000 00587nam a22002177a 4500
003 UA-OsUOA
001 62505
007 ta
008 20090901b un ||||| |||| 00| 0 ukr d
090 _a511.1
942 _cBK
040 _aUA-OsUOA
_brus
_cUA-OsUOA
_dUA-OsUOA
245 _aКонтрольные письменные работы по арифметике
_bДля 5 - 6 кл.
300 _a207 с.
955 _a2
041 _arus
080 _a511.1
260 _aМ.
_bРадянська школа
_c1966
650 7 _a511 Теорія чисел
_2UDC
999 _c348593
_d348593